000 01590nam a22002417a 4500
999 _c59376
_d59376
003 Ge_BSU
005 20230201113154.0
008 230201s2005 ge ||||| |||| 00| 0 geo d
020 _a 9994046047
041 _ageo
080 _a342.4(479.22)(094.5.072) ს-32
245 _aსაქართველოს კონსტიტუციის კომენტარები : ადამიანის ძირითადი უფლებანი და თავისუფლებანი /
_cლევან იზორია, კონსტანტინე კორკელია, კონსტანტინე კუბლაშვილი, გიორგი ხუბუა ; საქ. მეცნ. აკად., სახელმწიფოსა და სამართლის ინ-ტი.
264 _aთბილისი :
_bმერიდიანი,
_c 2005.
300 _a426 გვ. ;
_b26 სმ.
504 _a ბიბლიოგრ. ტექსტ. შენიშვნ.
653 _aსაქართველოს კონსტიტუციის კომენტარები.
653 _aსამართალი
700 _aიზორია, ლევან
_eავტორი.
_97856
700 _aკორკელია, კონსტანტინე
_eავტორი
_9539
700 _aკუბლაშვილი, კონსტანტინე
_eავტორი
_9197
700 _aხუბუა, გიორგი
_eავტორი
_916839
942 _2udc
_cBK